Les 20 villes les plus peuplées de PACA de 1806 à 2023 - Statistiques

Statistiques générales
  • Ce quiz a été pris 134 fois
  • Le résultat moyen est 118 sur 160
Statistiques - réponses
Hint Réponse % Correct
1806 Nice 19 783
100%
1846 Nice 37 962
100%
1876 Nice 53 397
100%
1911 Nice 142 940
100%
1936 Nice 241 916
100%
1968 Nice 322 442
100%
1999 Nice 342 738
100%
2023 Nice 357 737
100%
1806 Marseille 99 169
99%
1846 Marseille 183 186
99%
1876 Marseille 318 868
99%
1911 Marseille 550 619
99%
1936 Marseille 914 168
99%
1968 Marseille 889 029
99%
1999 Marseille 798 430
99%
2023 Marseille 886 040
99%
1806 Toulon 28 170
97%
1846 Toulon 62 941
97%
1876 Toulon 70 509
97%
1911 Toulon 104 582
97%
1936 Toulon 150 319
97%
1968 Toulon 174 746
97%
1999 Toulon 160 639
97%
2023 Toulon 179 116
97%
1876 Cannes 14 022
96%
1911 Cannes 29 656
96%
1936 Cannes 49 057
96%
1968 Cannes 67 187
96%
1999 Cannes 67 304
96%
2023 Cannes 74 350
96%
1806 Aix-en-Provence 21 960
93%
1846 Aix-en-Provence 27 280
93%
1876 Aix-en-Provence 28 693
93%
1911 Aix-en-Provence 29 836
93%
1936 Aix-en-Provence 42 615
93%
1968 Aix-en-Provence 89 566
93%
1999 Aix-en-Provence 134 222
93%
2023 Aix-en-Provence 149 695
93%
1806 Avignon 23 789
92%
1876 Avignon 36 317
92%
1911 Avignon 47 110
92%
1936 Avignon 59 472
92%
1968 Avignon 86 096
92%
1999 Avignon 85 935
92%
2023 Avignon 92 188
92%
1846 Antibes 5 976
84%
1911 Antibes 12 198
84%
1936 Antibes 25 014
84%
1968 Antibes 47 547
84%
1999 Antibes 72 412
84%
2023 Antibes 77 637
84%
1968 Fréjus 23 629
81%
1999 Fréjus 46 801
81%
2023 Fréjus 59 719
81%
1806 Hyères 6 982
78%
1846 Hyères 10 116
78%
1876 Hyères 9 639
78%
1911 Hyères 21 339
78%
1936 Hyères 26 378
78%
1968 Hyères 34 875
78%
1999 Hyères 51 417
78%
2023 Hyères 55 858
78%
1876 Menton 7 819
77%
1911 Menton 18 001
77%
1936 Menton 21 715
77%
1968 Menton 25 054
77%
1806 Arles 20 151
76%
1846 Arles 23 101
76%
1876 Arles 21 494
76%
1911 Arles 28 739
76%
1936 Arles 29 165
76%
1968 Arles 45 774
76%
1999 Arles 50 513
76%
2023 Arles 51 811
76%
1806 Gap 8 891
76%
1846 Gap 8 724
76%
1876 Gap 9 889
76%
1911 Gap 11 094
76%
1936 Gap 14 040
76%
1968 Gap 24 571
76%
1999 Gap 36 262
76%
2023 Gap 41 293
76%
1846 La Seyne-sur-Mer 6 497
73%
1876 La Seyne-sur-Mer 10 148
73%
1911 La Seyne-sur-Mer 21 042
73%
1936 La Seyne-sur-Mer 25 785
73%
1968 La Seyne-sur-Mer 43 783
73%
1999 La Seyne-sur-Mer 60 188
73%
2023 La Seyne-sur-Mer 63 732
73%
1806 Aubagne 6 620
69%
1846 Aubagne 6 131
69%
1876 Aubagne 8 027
69%
1911 Aubagne 9 744
69%
1936 Aubagne 13 949
69%
1968 Aubagne 27 938
69%
1999 Aubagne 42 638
69%
2023 Aubagne 47 529
69%
1806 Draguignan 8 010
68%
1846 Draguignan 9 876
68%
1876 Draguignan 9 223
68%
1911 Draguignan 9 974
68%
1936 Draguignan 12 130
68%
2023 Draguignan 40 826
68%
1806 Grasse 12 262
67%
1846 Grasse 11 676
67%
1876 Grasse 13 087
67%
1911 Grasse 19 704
67%
1936 Grasse 20 481
67%
1968 Grasse 30 907
67%
1999 Grasse 43 874
67%
2023 Grasse 50 970
67%
1806 Martigues 6 888
67%
1846 Martigues 7 724
67%
1968 Martigues 27 945
67%
1999 Martigues 43 493
67%
2023 Martigues 48 298
67%
1806 Orange 7 440
65%
1846 Orange 9 231
65%
1876 Orange 10 212
65%
1911 Orange 11 087
65%
1936 Orange 12 946
65%
1968 Orange 24 562
65%
1999 Istres 38 993
63%
2023 Istres 44 292
63%
1806 Carpentras 9 674
59%
1846 Carpentras 10 198
59%
1876 Carpentras 10 479
59%
1911 Carpentras 11 390
59%
1936 Carpentras 13 732
59%
1876 Digne-les-Bains 7 461
59%
1999 Cagnes-sur-Mer 43 942
55%
2023 Cagnes-sur-Mer 53 354
55%
1846 Salon-de-Provence 6 355
55%
1911 Salon-de-Provence 14 019
55%
1936 Salon-de-Provence 13 482
55%
1968 Salon-de-Provence 30 722
55%
1999 Salon-de-Provence 37 129
55%
2023 Salon-de-Provence 44 194
55%
1876 La Ciotat 10 058
52%
1911 La Ciotat 9 975
52%
1936 La Ciotat 13 428
52%
1968 La Ciotat 23 916
52%
1806 Cavaillon 5 750
51%
1846 Cavaillon 7 428
51%
1876 Cavaillon 8 454
51%
1911 Cavaillon 9 416
51%
1936 Cavaillon 12 522
51%
1806 Manosque 5 570
50%
1999 Vitrolles 36 784
47%
1806 Apt 5 374
39%
1806 Brignoles 5 301
39%
1968 Le Cannet 23 231
31%
1999 Le Cannet 42 158
31%
2023 Le Cannet 41 938
31%
1806 Tarascon 10 554
27%
1846 Tarascon 11 968
27%
1876 Tarascon 9 052
27%
1806 Saint-Rémy-de-Provence 5 737
23%
1846 Saint-Rémy-de-Provence 6 077
23%
1846 L'Isle-sur-la-Sorgue 6 392
19%
Aucun quiz correspondant
Distribution des résultats
% des personnes avec chaque résultat
Percentile par nombre de réponses
Votre historique - résultats
Vous n’avez pas pris ce quiz